Угадай аниме по кадру №5 - Statistics

General Stats
  • This quiz has been taken 16 times
  • The average score is 10 of 20
Answer Stats
Picture Answer % Correct
"Клинок, рассекающий демонов" / "Demon Slayer"
92%
"Унесённые призраками" / "Spirited Away"
85%
"Код Гиасс: Восставший Лелуш" / "Code Geass: Lelouch of the Rebellion"
69%
"Хеллсинг" / "Hellsing"
69%
"Адский Рай" / "Hell's Paradise"
69%
"Магия и мускулы" / "Mashle"
62%
"Нет игры - нет жизни" / "No game - no live"
62%
"Твоя апрельская ложь" / "Your April Lie"
62%
"Маги" / "Magi"
54%
"Девушка на час" / "Rent-a-Girlfriend"
46%
"Последний Серафим" / "Seraph of the End"
46%
"Inicial D" / "Инициал Ди"
38%
"Король шаманов" / "Shaman King"
38%
"Страна чудес смертников" / "Deadman Wonderland"
31%
"Нулевой Эдем" / "Edens Zero"
31%
"Прощай, унылый учитель" / "Goodbye, Mr. Despair"
31%
"Один на вылет" / "One Outs"
31%
"Первородный грех Такопи" / "Takopi's Original Sin"
31%
"Боевой петух" / "Rooster Fighter"
23%
"Королевский репетитор" / "The Royal Tutor"
23%
No matching quizzes found
Score Distribution
Percent of People with Each Score
Percentile by Number Answered
Your Score History
You have not taken this quiz